Financial Accounting. (Record no. 1617)

MARC details
005 - DATE AND TIME OF LATEST TRANSACTION
control field 20250422163807.0
020 ## - INTERNATIONAL STANDARD BOOK NUMBER
International Standard Book Number 81-259-1852-3
082 ## - DEWEY DECIMAL CLASSIFICATION NUMBER
Classification number 657.48 MAH
100 ## - MAIN ENTRY--PERSONAL NAME
Author name MAHESHWARI, S. N.
245 ## - TITLE STATEMENT
Title Financial Accounting.
250 ## - EDITION STATEMENT
Edition statement 4th Ed.
260 ## - PUBLICATION, DISTRIBUTION, ETC.
Place of publication, distribution, etc. New Delhi,
Name of publisher, distributor, etc. Vikas,
Date of publication, distribution, etc. 2005.
300 ## - PHYSICAL DESCRIPTION
Extent xx, 1210p.: ill.;
Dimensions 25cm
700 ## - ADDED ENTRY--PERSONAL NAME
Other authors/Editors MAHESHWARI, S. K.
856 ## - ELECTRONIC LOCATION AND ACCESS
Link text Access Online Book
Electronic name Accounting
Path www.vikaspublishing.com
942 ## - ADDED ENTRY ELEMENTS (KOHA)
Source of classification or shelving scheme Dewey Decimal Classification
Koha item type Books
Holdings
Date last seen Total checkouts Full call number Barcode Cost, replacement price Price effective from Koha item type Lost status Source of classification or shelving scheme Damaged status Not for loan Withdrawn status Home library Current library Shelving location Date acquired Cost, normal purchase price
04/22/2025   657.48 MAH 0000006165 135000.00 04/22/2025 Books   Dewey Decimal Classification       College of Business Education Main Library College of Business Education Main Library General Collection 04/22/2025 45000.00
06/02/2025   LECT 657.48 MAH 00000010606 135000.00 06/02/2025 Books   Dewey Decimal Classification       College of Business Education Main Library College of Business Education Main Library General Collection 10/27/2005 45000.00
06/02/2025   LECT 657.48 MAH 00000010607 135000.00 06/02/2025 Books   Dewey Decimal Classification       College of Business Education Main Library College of Business Education Main Library General Collection 10/27/2005 45000.00